000 00282nam a22000977a 4500
999 _c11161
_d11161
008 180927b ||||| |||| 00| 0 eng d
020 _a9780590190930
100 _aStine. R L
_96923
245 _aABOMINABLE SNOWMAN OF PASADENA (GOOSEBUMPS S.)
260 _aNew York
_bParachute press
_c1995